| 000 | 01067nam a22003015a 4500 | ||
|---|---|---|---|
| 999 |
_c27206 _d27177 |
||
| 003 | EG-ScBUE | ||
| 005 | 20190303151811.0 | ||
| 008 | 190303s2017 ua grb 000 0 ara d | ||
| 017 | _a2017 / 22792 | ||
| 020 | _a9789777401205 | ||
| 020 | _a9789777401210 | ||
| 040 |
_aEG-ScBUE _bara _cEG-ScBUE _dEG-ScBUE |
||
| 041 | 1 |
_aara _hund |
|
| 082 | 0 | 4 |
_a194 _bد ي ك _222 |
| 100 | 1 |
_aديكارت، رينيه، _d1596-1650. |
|
| 245 | 1 | 0 |
_aمبادئ الفلسفة / _cتأليف رينيه ديكارت. |
| 260 |
_aالجيزة، مصر : _bدار الحياة للنشر والتوزيع، _c2017. |
||
| 300 |
_a328 ص. ؛ _c22 سم. |
||
| 500 | _aيشتمل على معجم بأشهر الفلاسفة. | ||
| 504 | _aيشتمل على إرجاعات ببليوجرافية. | ||
| 546 | _aالنص مترجم إلى اللغة العربية. | ||
| 650 | 7 |
_aالفلسفة _xنظريات. _2BUEsh |
|
| 650 | 7 |
_aالوجودية. _2BUEsh |
|
| 650 | 7 |
_aالفلسفة الفرنسية. _2BUEsh |
|
| 651 | _2BUEsh | ||
| 653 |
_bGGEN _cMarch2019 |
||
| 942 | _2ddc | ||